Dictionary of Banking

Na minha lista:
Detalhes bibliográficos
Autor principal: Klein, Gerald
Formato: Livro
Idioma:inglês
Publicado em: London Pitman 1992
Edição:1. ed.
Assuntos:
Tags: Adicionar Tag
Sem tags, seja o primeiro a adicionar uma tag!

MARC

LEADER 00000nam a2200000 4500
001 c005809
005 20221221080104.9
020 |a 0-273-03788-9 
041 0 |a eng 
044 |a GB 
245 1 0 |a Dictionary of Banking  |c Gerald Klein 
250 |a 1. ed. 
264 1 |a London  |b Pitman  |c 1992 
300 |a 286 s. 
610 2 0 |a bankovníctvo 
610 2 0 |a Veľká Británia 
610 2 0 |a terminológia 
610 2 0 |a služby finančné 
610 2 0 |a investície 
610 2 0 |a právo finančné 
100 1 |a Klein, Gerald